Quick Pick: 'O' Latin Phrases Quiz Stats

 Plays Quiz Updated Apr 25, 2018

Challenge
Share
Tweet
Embed
Score 0/12 Timer 01:30
1 Play Today
% Correct
Omnia dicta fortiora si dicta Latina
91.8%
Omne vivum ex ovo
88.7%
Omnia vincit amor
87.5%
Omnis traductor traditor
87.1%
Orbis non sufficit
86.5%
Orbis unum
84.5%
Ophidia in herba
79.9%
Oculus sinister
78.3%
Obtorto collo
66.7%
Oleum camino
66.4%
Obiit
64.5%
Opera omnia
64.5%

Today's Daily Dose

Missing Word
Animated TV Series

Word Ladder
Boston

Quick Pick
'H' Literature

On This Day
August 16th II

You're not logged in!

Compare scores with friends on all Sporcle quizzes.
Join for Free
OR
Log In

You Might Also Like...

Show Comments

Extras

Top Quizzes Today


Score Distribution

Your Account Isn't Verified!

In order to create a playlist on Sporcle, you need to verify the email address you used during registration. Go to your Sporcle Settings to finish the process.

Report this User

Report this user for behavior that violates our Community Guidelines.

Details: